| 000 | 00555nam a2200217Ia 4500 | ||
|---|---|---|---|
| 008 | 180620s9999 xx 000 0 und d | ||
| 020 | _a1-932273-35-2 | ||
| 050 | _aREF AY 64 | ||
| 050 | _b.B78 2004 | ||
| 100 | _aBrunner, Borgna. | ||
| 245 | 0 | _aTime almanac 2005 : | |
| 245 | 0 | _bwith information please / | |
| 245 | 0 | _cBorgna Brunner | |
| 260 | _aNeedham, MA : | ||
| 260 | _bInformation Please. | ||
| 260 | _c2004 | ||
| 300 | _a1039 pages : | ||
| 300 | _billustrations (some color) ; | ||
| 300 | _c21 cm. | ||
| 650 | _aAlmanacs, American. | ||
| 999 |
_c357994 _d357994 |
||